| 000 | 00839nam a2200241 i 4500 | ||
|---|---|---|---|
| 001 | 73712 | ||
| 003 | ES-MaACL | ||
| 005 | 20250918175713.0 | ||
| 007 | t| | ||
| 008 | 040910s1946 ag ||||1| spa d | ||
| 080 | _a396"17" | ||
| 100 | 1 |
_aGoncourt, Edmond de, _d1822-1896 _9127377 |
|
| 245 | 1 | 3 |
_aLa mujer en el siglo XVIII / _cpor E. y J. de Goncourt ; versión castellana de Alberto Insúa ; nota liminar de Pedro Massa. |
| 250 | _a1ª ed. | ||
| 260 |
_aBuenos Aires : _bLuis D. Álvarez : _bApolo, _c[1946] |
||
| 300 |
_a300 p., 58 lám. : _bil. ; _c24 cm. |
||
| 650 | 4 |
_aMujeres- _xSituación social- _yS.XVIII. _9174324 |
|
| 700 | 1 |
_aGoncourt, Jules de, _d1830-1870 _958231 |
|
| 700 | 1 |
_aInsúa, Alberto, _d1885-1963 _965346 |
|
| 700 | 1 |
_aMassa, Pedro. _978782 |
|
| 852 | 4 |
_aES-MaACL _jF-1977 |
|
| 999 |
_c73712 _d73712 |
||